000
00300nam a2200121 a 4500
005
20141022142006.0
008
080929s19uu xx 00 eng d
050
_a
CD
_b
D84 2002
245
_a
Managing in the next society.
650
_a
CD.
650
_a
Managing in the next society.
942
_c
AVM
999
_c
276516
_d
276516